000 01394pam a2200397 a 4500
003 OSt
005 20140310184301.0
008 960412s1996 nyua b 000 1 eng
010 _a 96017298
020 _a0679863745 (pbk.)
020 _a067996374X (lib. bdg.)
040 _aDLC
_cDLC
_dDLC
042 _alcac
050 0 0 _aPZ 7
_b.Os81m8 1997
100 1 _aOsborne, Mary Pope.
_95061
245 1 0 _aMidnight on the moon /
_cMary Pope Osborne ; illustrated by Sal Murdocca.
260 _aNew York :
_bScholastic Inc.,
_c1997.
300 _a70 p. :
_bill. ;
_c20 cm.
490 1 _aMagic tree house ;
_v#8
521 _aG2
526 _c320
650 1 _aTime travel
_xFiction.
_923024
650 1 _aMagic
_xFiction.
_923025
650 1 _aScience fiction.
651 1 _aMoon
_xFiction.
_923026
700 1 _aMurdocca, Sal,
_eill.
_923027
800 1 _aOsborne, Mary Pope.
_tMagic tree house series ;
_v#8.
_923028
856 4 2 _3Contributor biographical information
_uhttp://www.loc.gov/catdir/bios/random057/96017298.html
856 4 2 _3Publisher description
_uhttp://www.loc.gov/catdir/description/random041/96017298.html
906 _a7
_bcbc
_corignew
_d1
_eocip
_f19
_gy-gencatlg
942 _2lcc
_cBK-SCHOLAS
999 _c33452
_d33452